Prénoms de musiciens n°5 - Statistiques

Statistiques générales
  • Ce quiz a été pris 217 fois
  • Le résultat moyen est 10 sur 15
Statistiques - réponses
Prenom Nom de Famille % Correct
Frank Sinatra
97%
Mick Jagger
96%
Léo Ferré
85%
Cyndi Lauper
84%
Bruce Springsteen
82%
Mariah Carey
81%
Jean-Sébastien Bach
76%
Julie Zenatti
75%
Nicki Minaj
71%
Donna Summer
61%
Luciano Pavarotti
60%
Beyonce Knowles
52%
Plácido Domingo
42%
Joan Jett
38%
Jean-Luc Ponty
8%
Aucun quiz correspondant
Distribution des résultats
% des personnes avec chaque résultat
Percentile par nombre de réponses
Votre historique - résultats
Vous n’avez pas pris ce quiz